Wild Kratts Creature Powers - Statistics

General Stats
  • This quiz has been taken 131 times
  • The average score is 38 of 179
Answer Stats
Hint Answer % Correct
CM Lion
74%
CMK Cheetah
70%
M Polar Bear
59%
CM Aardvark
57%
CMAK Gray Wolf
57%
CM Sperm Whale
57%
CM Tiger
57%
C Rhino
54%
CM Great White Shark
50%
CM Giant Squid
48%
CM Jaguar
48%
CM Orangutan
46%
CM Hippo
43%
CMA Peregrine Falcon
43%
M Alligator
41%
CM Bald Eagle
41%
CM Squirrel
41%
CM Walrus
41%
CM Zebra
41%
CM Giant Panda
39%
C Sloth
39%
M Bee
37%
C Grizzly Bear
37%
CM Python
37%
C Tasmanian Devil
37%
CM African Elephant
35%
MK Blue Jay
35%
CM Moose
35%
CM Black Bear
33%
CM Dragonfly
33%
CM Kangaroo
33%
CM Komodo Dragon
33%
CM Narwhal
33%
CM Nile Crocodile
33%
CM Octopus
33%
CM Rattlesnake
33%
CM Bottlenose Dolphin
30%
CA Gazelle
30%
CM Gecko
30%
CM Giraffe
30%
CM Orca
30%
CM Penguin
30%
CM Spider Monkey
30%
CM Asian Elephant
28%
CM Bass
28%
C Green Anaconda
28%
CM King Cobra
28%
CM Basilisk
26%
M Blue Whale
26%
CM Caracal
26%
CMAK Harris' Hawk
26%
M Lynx
26%
MA Praying Mantis
26%
C Arctic Wolf
24%
CM Chameleon
24%
CM Draco Lizard
24%
CM Grass
24%
CM Honey Badger
24%
CM Hummingbird
24%
CM Raccoon
24%
CM Termite
24%
CM Dragonfish
22%
CM Firefly
22%
CMAK Parrot
22%
CM Proboscis Monkey
22%
C Pronghorn
22%
M Red fox
22%
C Red Panda
22%
CM Ring-tailed Lemur
22%
CM Seahorse
22%
M Bat-eared Fox
20%
M Blowfish
20%
M Flamingo
20%
CM Lobster
20%
CM Monarch Butterfly
20%
CM Oak Tree
20%
CM Pigeon
20%
M Starfish
20%
C Vampire Bat
20%
CM Yeti Crab
20%
CM African Wild Dog
17%
CM Aye-aye
17%
CM Beaver
17%
CM Bullfrog
17%
CM Dhole
17%
CM Flying Fish
17%
CM Fossa
17%
CM Gila Monster
17%
CM Hammerhead Shark
17%
CM Ocelot
17%
CM Osprey
17%
CM Ostrich
17%
CM Pelican
17%
CM Sea Turtle
17%
CM Sifaka Lemur
17%
CM Snowy Owl
17%
CM Tasmanian Tiger
17%
M Wild Pony
17%
CM Woodpecker
17%
M Barnacle
15%
CM Coyote
15%
CM Golden Orb Weaver Spider
15%
CM Hermit Crab
15%
C Indri
15%
CMA Leafcutter Ant
15%
CM Little Brown Bat
15%
CM Musk Ox
15%
CM Pangolin
15%
M Platypus
15%
M Remora
15%
CM River Otter
15%
CM Sloth Bear
15%
C Snowshoe Hare
15%
CM Tarsier
15%
CM Thorny Devil
15%
CM Wild Turkey
15%
CM African Crested Porcupine
13%
C American Crocodile
13%
CM Golden Snub-nosed Monkey
13%
M Goliath Tarantula
13%
A Groundhog
13%
CM Harpy Eagle
13%
M Jackrabbit
13%
CMA Raven
13%
C Stingray
13%
C Swordfish
13%
CM Tardigrade
13%
C Warthog
13%
M Wolverine
13%
C Archerfish
11%
CM Black-footed Ferret
11%
CM Electric Eel
11%
M Ermine
11%
CM Giant Otter
11%
M Honey Guide
11%
C Mussel
11%
M Puffin
11%
CM Roadrunner
11%
CM Sea Otter
11%
CM Spotted Skunk
11%
CM American Bison
9%
MA Bird-of-Paradise
9%
C Chickadee
9%
CM Clouded Leopard
9%
CM Elf Owl
9%
C Eurasian Eagle-owl
9%
CM Eyelash Viper
9%
C Gharial
9%
CM Hamster
9%
CM Hercules
9%
CM Immortal Jellyfish
9%
C Indriconda
9%
C Limpet
9%
M Mudskipper
9%
CM Opossum
9%
M Pine Marten
9%
CM Purple Martin
9%
CM Spectacled Cobra
9%
M Bighorn Sheep
7%
CM Blue Heron
7%
CM Florida Panther
7%
CM Grasshopper
7%
CM Liturgusa Krattorum
7%
CM Mountain Goat
7%
C Poison Frog
7%
C Pygmy Marmoset
7%
CM Sockeye Salmon
7%
CM White-tailed Deer
7%
A Emperor Tamarin
4%
M Flounder
4%
C Goshawk
4%
M "Whatever It Is"
4%
CM Wild Bactrian Camel
4%
M Blue Marlin
2%
C Brine Shrimp
2%
M Creepy Cool Power
2%
CM Frogsih
2%
M Loggerhead Shrike
2%
CM Hybrid
0%
No matching quizzes found
Score Distribution
Percent of People with Each Score
Percentile by Number Answered
Your Score History
You have not taken this quiz